| 000 | 01499cam a2200409 a 4500 | ||
|---|---|---|---|
| 999 |
_c538 _d538 |
||
| 001 | 15490207 | ||
| 003 | GZU | ||
| 005 | 20200904113720.0 | ||
| 008 | 081020s2009 cauabf b 001 0 eng | ||
| 010 | _a 2008939921 | ||
| 015 |
_aGBA8A7743 _2bnb |
||
| 016 | 7 |
_a014749676 _2Uk |
|
| 020 | _a9781412901376 (alk. paper) | ||
| 020 | _a1412901375 (alk. paper) | ||
| 020 | _a9781412901383 (pbk. : alk. paper) | ||
| 020 | _a1412901383 (pbk. : alk. paper) | ||
| 035 | _a(OCoLC)ocn248987556 | ||
| 040 |
_aUKM _cUKM _dBWKUK _dBWK _dYDXCP _dDLC |
||
| 042 | _alccopycat | ||
| 050 | 0 | 0 |
_aD843 _b.P27 2009 |
| 082 | 0 | 0 |
_a320.1/2 _223 |
| 100 | 1 |
_aPainter, Joe, _d1965- |
|
| 245 | 1 | 0 |
_aPolitical geography : _ban introduction to space and power / _cJoe Painter and Alex Jeffrey. |
| 250 | _a2nd ed. | ||
| 260 |
_aLos Angeles : _bSAGE, _c2009. |
||
| 300 |
_ax, 236 p., [2] p. of plates : _bill. (some col.), maps ; _c25 cm. |
||
| 500 | _aPrevious ed.: published as Politics, geography, and political geography by Joe Painter. London: Arnold, 1995. | ||
| 504 | _aIncludes bibliographical references (p. [221]-230) and index. | ||
| 650 | 0 | _aPolitical geography. | |
| 650 | 0 | _aWorld politics. | |
| 650 | 0 | _aGeopolitics. | |
| 700 | 1 | _aJeffrey, Alex. | |
| 700 | 1 |
_aPainter, Joe, _d1965- _tPolitics, geography, and political geography. |
|
| 906 |
_a7 _bcbc _ccopycat _d2 _encip _f20 _gy-gencatlg |
||
| 942 |
_2lcc _cBK _e2nd ed. _h843 _iPAI _kD _m2009 |
||